000 00838nam a2200253 i 4500
001 000047340
003 DO-SdBNP
005 20250116073945.0
007 ta
008 110325s2017 dr r 000 0 spa d
040 _aDO-SdBNP
_bspa
_cBNPHU
_erda
082 _bR399
_222
100 1 _aRisco Bermúdez, René del,
_d1937-1972
_eautor
_912315
110 1 _aRepública Dominicana.
_bSecretaría de Estado de Educación, Bellas Artes y Cultos
_923965
245 1 0 _aRené del Risco Bermudez :
_bbiografia cuentos y poemas /
_ccompilado por Tomás Castro Burdiez
264 _aSanto Domingo :
_bEducarte,
_c2017
300 _a24 paginas ;
_c22 cm.
336 _2rdacontent
_atexto
_btxt
337 _2rdamedia
_asin mediación
_bn
338 _2rdacarrier
_avolumen
_bnc
590 _aInventariado, 2023/DG
910 _aDG
942 _2ddc
_cLF2
999 _c54750
_d54750